| 000 | 01332nam a2200145Ia 4500 | ||
|---|---|---|---|
| 008 | 220216s9999 xx 000 0 und d | ||
| 100 | _aIsmariah A | ||
| 245 | 0 | _aAvailability of rubberwood resource in Peninsular Malaysia | |
| 260 |
_bRubberwood Processing and Utilization, Malaysia, 1994; p7-15 _c1994 |
||
| 520 | _aThe decline in the projected supply of rubberwood is the consequence of landuse changes from rubber to other crops, during the mid 1980's. The trend is likely to continue due to the recent policy of promoting structural change in the economy from agriculture to manufacturing. The estimate for 1990-2017 shows that the supply of rubberwood logs will not be able to meet the demand. However, factors like improving utilisation and product diversification could overcome the situation to some extent. In that respect, it is important to note the current proportion of rubberwood utilization as sawlogs. A rigid assumption of very low net volume usefuul as sawlogs or veneer logs results in a greater portion of rubberwood resource being suitable for othre uses. Unless more factories are established to absorb this residual for the manufacturing of other wood products, the amount of resource wasted will be tremendous. | ||
| 650 | _aMalaysia | ||
| 650 | _aRubberwood industry | ||
| 700 | _aNorini H | ||
| 942 | _cBO | ||
| 999 |
_c48101 _d48101 |
||